<?xml version="1.0" encoding="UTF-8"?>
<record
    xmlns:xsi="http://www.w3.org/2001/XMLSchema-instance"
    xsi:schemaLocation="http://www.loc.gov/MARC21/slim http://www.loc.gov/standards/marcxml/schema/MARC21slim.xsd"
    xmlns="http://www.loc.gov/MARC21/slim">

  <leader>01937nam a22001937a 4500</leader>
  <controlfield tag="003">IT-RoPau</controlfield>
  <controlfield tag="005">20220918175935.0</controlfield>
  <controlfield tag="008">121112b        xxu||||| |||| 00| 0 eng d</controlfield>
  <datafield tag="040" ind1=" " ind2=" ">
    <subfield code="c">IT-RoPau</subfield>
  </datafield>
  <datafield tag="100" ind1=" " ind2=" ">
    <subfield code="a">Alberione Giacomo</subfield>
    <subfield code="q">Fondatore Famiglia Paolina</subfield>
    <subfield code="9">19</subfield>
  </datafield>
  <datafield tag="245" ind1=" " ind2=" ">
    <subfield code="a">Prediche Tenute alle Pie discepole del Divin Maestro.</subfield>
    <subfield code="b">Vol VII anno 1962</subfield>
  </datafield>
  <datafield tag="250" ind1=" " ind2=" ">
    <subfield code="a">1</subfield>
  </datafield>
  <datafield tag="260" ind1=" " ind2=" ">
    <subfield code="a">Roma</subfield>
    <subfield code="b">PDDM</subfield>
    <subfield code="c">?1960?</subfield>
  </datafield>
  <datafield tag="300" ind1=" " ind2=" ">
    <subfield code="a">346 p.</subfield>
    <subfield code="c">29,5 cm</subfield>
  </datafield>
  <datafield tag="490" ind1=" " ind2=" ">
    <subfield code="a">VII</subfield>
    <subfield code="v">VII</subfield>
  </datafield>
  <datafield tag="500" ind1=" " ind2=" ">
    <subfield code="a">Come nel volume precedente</subfield>
  </datafield>
  <datafield tag="520" ind1=" " ind2=" ">
    <subfield code="a">Prefazione
212)L' Apostolato del servizio sacerdotale
213)I frutti della comunione
214)L' Opera delle Vocazioni
215)La S.Messa per le Religiose
216)Domenica I di Quaresima
217)Il Purgatorio
218)La virt&#xF9; della religione
219)Chiusura degli Esercizi Sp. - Pensieri ;;;;;;;;
220)Domenica II di Quaresima
221) Donazione totale a Dio
222)La riparazione (Venerd&#xEC; Santo)
223)Maria,Regina degli Apostoli
224)Dio Creatore
225)Il peccato veniale
226)Domenica III dopo Pasqua
227)Domenica IV dopo Pasqua
228)Vere Pie Discepole come Maria SS.
229)La santit&#xE0; &#xE8; sviluppare la grazia del battesimo
230)La Grazia:vita soprannaturale
231)Domenica X dopo Pentecoste
232)Domenica XIII dopo Pentecoste ;;;;;;;
233)Domenica XIV dopo Pentecoste
234)Domenica XV dopo Pentecoste
235)La Verginit&#xE0; positiva 
236)Domenica XVI dopo Pentecoste
237)La Verginit&#xE0; positiva e negativa (Introduzione)
238)La Verginit&#xE0; positiva
239)I due mezzi principali della santificazione
240)La vera Santit&#xE0;
241)La vera Liturgia 
242Domenica XVIII dopo Pentecoste
243)Domenica XIX dopo Pentecoste
244)Festa di Ges&#xF9; Cristo Re
245)La santificazione: i tre "tutto"
246)Mirare alla santit&#xE0; sull' esempio di Maria Imm.
247)Festa di S.Lucia - Pensieri
248)L' impegno per la santificazione
249)Solennit&#xE0; del Natale del Signore
Indici
I - Indice analitico
II - Indice citazioni bibliche
III - Indice citazioni varie
IV - Indice Generale              </subfield>
  </datafield>
  <datafield tag="942" ind1=" " ind2=" ">
    <subfield code="2">ddc</subfield>
    <subfield code="c">BK</subfield>
  </datafield>
  <datafield tag="999" ind1=" " ind2=" ">
    <subfield code="c">37499</subfield>
    <subfield code="d">37499</subfield>
  </datafield>
  <datafield tag="952" ind1=" " ind2=" ">
    <subfield code="0">0</subfield>
    <subfield code="1">0</subfield>
    <subfield code="2">ddc</subfield>
    <subfield code="4">0</subfield>
    <subfield code="7">1</subfield>
    <subfield code="a">PAULUS</subfield>
    <subfield code="b">PAULUS</subfield>
    <subfield code="d">2012-11-12</subfield>
    <subfield code="l">0</subfield>
    <subfield code="r">2012-11-12 00:00:00</subfield>
    <subfield code="w">2012-11-12</subfield>
    <subfield code="y">BK</subfield>
  </datafield>
</record>
